| 000 | 00915nam a2200277 i 4500 | ||
|---|---|---|---|
| 001 | bg | ||
| 100 | 1 | _aPFEFFER, Jeffrey | |
| 245 | 1 | 0 |
_aWiedza a działanie : _bprzeszkody w wykorzystywaniu zasobów wiedzy w organizacji / _cJeffrey Pfeffer, Robert I. Sutton ; przeł. Iwona Podsiadło. |
| 246 |
_iTyt. oryg.: _aThe knowing-doing gap |
||
| 260 |
_aKraków : _bOficyna Ekonomiczna, _c2002. |
||
| 300 |
_a237 s. ; _c24 cm. |
||
| 500 | _aTyt. oryg.: "The knowing-doing gap". | ||
| 504 | _aIndeks. | ||
| 650 | 9 |
_aPrzedsiębiorstwo _xorganizacja |
|
| 650 | 9 |
_aKadry _xpolityka |
|
| 650 | 9 |
_aWiedza _xzagadnienia |
|
| 700 | 1 | _aSUTTON, Robert I. | |
| 020 | _a8388597566 | ||
| 040 | _cBPK | ||
| 041 | 1 |
_apl _hen |
|
| 080 | _a658.3:331.1 | ||
| 920 | _a83-88597-56-6 | ||
| 942 | _cKS | ||
| 008 | s pl f |000 0 pol | ||
| 999 |
_c41902 _d41902 |
||
| 856 |
_uhttp://koha.tu.koszalin.pl/cgi-bin/koha/opac-detail.pl?biblionumber=41902 _yKatalog online BPK |
||